=LDR 00000nam 2200000 4500 =001 INLIS000000000024888 =005 20130612123436 =008 ***********************************Ind** =035 ##$$0010-061300000024888 =041 ##$$a Ind =082 ##$$a 361.1 =090 ##$$a 361.1, Suk t =100 ##$$a Sikwan, Agus =245 ##$$a Tragedi perdagangan singkawang, Agus soikawan =260 ##$$a 2004 $b Yogyakarta =300 ##$$a 99 hlm, ilus, 21 cm =650 ##$$a Teragedi perdagangan =850 ##$$a NBPNMAT